000 00510cab a2200181 4500
001 WB2545-28
008 090401t1989 xxu||||| |||| 00| 0 eng d
035 _a(Sirsi) u78987
041 _aeng
245 _aHong Kong property market
260 _c1989
350 _a0
490 _aDaily Telegraph
_v10/11/89 p32
520 _aProperty prices in Hong Kong , which slumped after the massacre in Peking, are beginning to rally.
690 _aPROPERTY LAW AND PRACTICE
942 _n0
948 _c04/03/1997
999 _c49635
_d49635